| 000 | 00987cam a2200301 i 4500 | ||
|---|---|---|---|
| 999 |
_c128319 _d128319 |
||
| 001 | 1749866 | ||
| 003 | ARRUPE | ||
| 005 | 20181008111657.0 | ||
| 008 | 751111s1975 enkb 000 0aeng | ||
| 010 | _a 75327939 | ||
| 015 | _aGB75-19312 | ||
| 020 | _a0140410465 | ||
| 040 |
_aDLC _cDLC _dDLC |
||
| 043 | _af-mz--- | ||
| 050 | 0 | 0 |
_aBV3625.M66 _bP386 |
| 082 | 0 | 0 |
_a967.9/03/0924 _aB |
| 100 | 1 |
_aPaul, John, _d1928-2009. _942777 |
|
| 245 | 1 | 0 |
_aMozambique : _bmemoirs of a revolution / _cJohn Paul. |
| 260 |
_aHarmondsworth ; _aBaltimore [etc.] : _bPenguin, _c1975. |
||
| 300 |
_a232 p. : _b3 maps ; _c18 cm. |
||
| 490 | 0 | _aPenguin African library | |
| 600 | 1 | 0 |
_aPaul, John, _d1928-2009. _942777 |
| 610 | 2 | 0 |
_aFRELIMO (Organization) _930365 |
| 651 | 0 |
_aMozambique _xPolitics and government. _930349 |
|
| 651 | 0 |
_aMozambique _xHistory _yRevolution, 1964-1975 _vPersonal narratives. _942778 |
|
| 906 |
_a7 _bcbc _corignew _d3 _encip _f19 _gy-gencatlg |
||
| 942 |
_2lcc _cMONOGRAPH |
||